|
|
|
|
| LEADER |
00000nab a2200000 a 4500 |
| 001 |
vtls000079357 |
| 003 |
SK-MaSNL |
| 005 |
20260303205724.0 |
| 008 |
111103c1981 xo 0 slo |
| 015 |
|
|
|a SNBRB19rr/mm-uuuuu
|
| 035 |
|
|
|a CL0089458
|
| 040 |
|
|
|a SNKBUCL
|b slo
|c SNKBUCL
|e AACR2
|
| 041 |
0 |
|
|a slo
|
| 044 |
|
|
|a xo
|c SK
|
| 080 |
|
|
|a 791.43.097
|2 1981
|
| 100 |
1 |
|
|a Mlčoušek, Vladimír,
|d 1949-
|4 aut
|9 103415
|
| 245 |
1 |
0 |
|a Pokus o netradičny obraz súčasnosti
|c Vladimír Mlčoušek
|
| 610 |
2 |
7 |
|a Československá televízia
|2 snkbucl
|9 215938
|
| 630 |
0 |
7 |
|a Moje kone vrané (film)
|x recenzie
|2 snkbucl
|9 1240659
|
| 651 |
|
7 |
|a 5100
|2 snkbucl
|9 166206
|
| 655 |
|
7 |
|a články z novín a časopisov
|2 snkbucl
|9 267496
|
| 773 |
0 |
|
|t Pravda
|g Roč. 62, č. 43 (20. 2. 1981), s. 5
|
| 850 |
|
|
|a Slovenská národná knižnica v Martine
|a MTA001
|
| 852 |
|
|
|a SNK
|b KIS3GCP
|
| 958 |
|
|
|a RK
|
| 992 |
|
|
|a RBX
|
| 999 |
|
|
|c 2196821
|d 2198751
|